Couleur Blanche - Statistiques

Statistiques générales
  • Ce quiz a été pris 23 fois
  • Le résultat moyen est 9 sur 15
Statistiques - réponses
Question Réponse % Correct
Dans un célèbre dessin animé de 1937, quel est le nom de la petite princesse (poursuivie par une méchante reine jalouse) et qui se réfugie chez sept nains habitant dans la forêt ? Blanche-Neige
100%
Cette boisson alcoolisée produite par la fermentation du moût des raisins à pulpe non colorée et à pellicule blanche (ou noire) se décline ici en "blanc" qui peut-être "sec, doux, fruité..." Le vin
100%
Nom donné à un produit liquide utilisé pour corriger des fautes sur des documents écrits. C'est aussi la traduction du mot "blanc" en espagnol. Blanco
95%
Nom du point culminant de la chaîne des Alpes ayant une altitude de 4 806 mètres et étant le plus haut sommet d'Europe occidentale. Étant enneigé, la couleur blanche est naturellement associée à son nom. Le Mont-Blanc
95%
Fibres naturellement blanches et parmi les plus répandues dans la fabrication des textiles. Les premières preuves d'utilisation de ces fibres, en Inde, remontent à 7 000 ans. Le coton
86%
Selon la bible, quel est le symbole donné à la couleur blanche ? L'innocence / La pureté
77%
Quel est le symbole du drapeau blanc, le plus ancien et le plus universel dont l'usage est fixé dès 1899 par l'annexe à la Convention de La Haye concernant "les lois et coutumes de la guerre sur terre". C'est le symbole de la paix
68%
La couleur blanche est associée à ce cancer pour en représenter la lutte. Il s'agit d'une maladie touchant les cellules des bronches ou celles tapissant les alvéoles pulmonaires. Le cancer du poumon
68%
Quel régime est représenté par la couleur blanche du drapeau tricolore français ? La monarchie
59%
Ce département français commence par la lettre "B", comme "blanc". Indice : Le numéro associé à celui-ci est aussi le jour de naissance du célèbre DJ et compositeur "DJ Snake". Les Bouches-du-Rhône
55%
Qu'est ce qui est "blanc" dans une célèbre expression française formée en chiasme et qui signifie qu'on parle de la même chose (du pareil au même). Bonnet
45%
Drapeau national avec le plus de blanc, devant celui du Japon. Indice : il s'agit d'une île. Chypre
36%
Pays contenant le moins de personnes blanches du monde (à peine 1%). Indice : il s'agit d'un pays d'Amérique. l'Honduras
23%
Qui a repris la chanson de Marcel Zanini : "Tu veux ou tu veux pas ?" dans laquelle la couleur blanche revient fréquemment en opposition au noir, pour parler du consentement ? Brigitte Bardot
14%
Quelle est l'origine géographique du prénom "Blanche", porté par plus de 36 000 femmes en France depuis 1900 ? Germanique
5%
Aucun quiz correspondant
Distribution des résultats
% des personnes avec chaque résultat
Percentile par nombre de réponses
Votre historique - résultats
Vous n’avez pas pris ce quiz